Premier League Transfers 24/25 - Statistics

General Stats
  • This quiz has been taken 309 times
  • The average score is 51 of 110
Answer Stats
From To Fee Nation Answer % Correct
Bournemouth Spurs 64M England Dominic Solanke
96%
Wolves Chelsea 60M Portugal Pedro Neto
92%
Everton Aston Villa 59M Belgium Amadou Onana
90%
Atletico Madrid Chelsea 52M Portugal Joao Felix
90%
Lille Man United 62M France Leny Yoro
90%
PSG Man United 50M Uruguay Manuel Ugarte
90%
Bournemouth Arsenal LOAN Brazil Neto
90%
Bayern Man United 45M Netherlands Matthijs de Ligt
87%
Bologna Arsenal 45M Italy Riccardo Calafiori
83%
Bologna Man United 42M Netherlands Joshua Zirkzee
80%
Real Sociedad Arsenal 32M Spain Mikel Merino
74%
Chelsea Aston Villa 44M Netherlands Ian Maatsen
73%
Arsenal Fulham 31M England Emile Smith Rowe
72%
Wolves West Ham 47M England Max Kilman
69%
Leicester City Chelsea 35M England Kiernan Dewsbury-Hall
67%
Dortmund West Ham 27M Germany Niclas Fullkrug
66%
Troyes Man City 25M Brazil Savinho
66%
Leeds Spurs 41M England Archie Gray
65%
FC Porto Bournemouth 37M Brazil Evanilson
64%
Leeds Brighton 46M France Georginio Rutter
63%
Crystal Palace Fulham 29M Denmark Joachim Andersen
63%
Arsenal Crystal Palace 29M England Eddie Nketiah
62%
Bayern Man United 15M Morocco Noussair Mazraoui
62%
Newcastle Brighton 35M Gambia Yankuba Minteh
62%
Leeds West Ham 29M Netherlands Crysencio Summerville
61%
Liverpool Brentford 23M Portugal Fabio Carvalho
61%
Juventus Liverpool 12M Italy Federico Chiesa
60%
Valencia Liverpool 30M Georgia Giorgi Mamardashvilli
58%
Arsenal Southampton 21M England Aaron Ramsdale
57%
Newcastle Nottingham 41M Scotland Elliot Anderson
57%
Villarreal Chelsea 24M Denmark Filip Jorgensen
57%
Man United West Ham 17M England Aaron Wan-Bissaka
56%
Barcelona Man City FREE Germany Ilkay Gundogan
56%
Liverpool Brentford 23M Netherlands Sepp van den Berg
56%
Chelsea Arsenal LOAN England Raheem Sterling
55%
Lazio Crystal Palace FREE Japan Daichi Kamada
53%
Man City Ipswich Town 17M England Liam Delap
53%
Fenerbahce Brighton 30M Turkey Ferdi Kadioglu
50%
Chelsea Everton LOAN Albania Armando Broja
48%
Marseille Crystal Palace 15M Senegal Ismaila Sarr
48%
Man United Chelsea LOAN England Jadon Sancho
48%
Barcelona Chelsea 6M Spain Marc Guiu
48%
Burnley Fulham 23M Norway Sander Berge
48%
Burnley Spurs 29M France Wilson Odobert
48%
Club Brugge Brentford 33M Brazil Igor Thiago
47%
Spurs Leicester City 23M England Oliver Skipp
47%
Celtic Brighton 29M Denmark Matt O'Riley
45%
Nice West Ham LOAN France Jean Clair Todibo
43%
Chelsea Bournemouth LOAN Spain Kepa
43%
Real Betis West Ham FREE Argentina Guido Rodriguez
42%
Celta Wolves LOAN+3M Denmark Jorgen Strand Larsen
42%
Nottingham Newcastle 23M Greece Odysseas Vlachodimos
42%
Juventus Bournemouth 15M Spain Dean Huijsen
41%
Marseille Everton 18M Senegal Iliman Ndiaye
41%
Man City Ipswich Town LOAN England Kalvin Phillips
41%
Feyenoord Brighton 32M Netherlands Mats Wieffer
41%
Fiorentina Nottingham 14M Serbia Nikola Milenkovic
41%
Villarreal Southampton 8M Chile Ben Brereton Diaz
40%
Lyon Everton 19M Ireland Jake O'Brien
39%
Barcelona Bournemouth 10M Mexico Julian Araujo
39%
Wolfsburg Crystal Palace 18M Germany Maxence Lacroix
39%
Arsenal Fulham LOAN England Reiss Nelson
39%
Burnley Ipswich Town 9M Kosovo Arijanet Muric
38%
Fulham Chelsea FREE England Tosin Adarabioyo
38%
Hull City Aston Villa 16M England Jaden Philogene
37%
Nottingham Crystal Palace LOAN USA Matt Turner
37%
Luton Town Aston Villa 5M England Ross Barkley
37%
Aston Villa Nottingham LOAN Spain Alex Moreno
36%
Fulham Leicester City FREE Jamaica Bobby De Cordova-Reid
36%
Napoli Everton LOAN+2M Denmark Jesper Lindstrom
36%
Crystal Palace Leicester City 5M Ghana Jordan Ayew
36%
Lyon Everton LOAN Belgium Orel Mangala
36%
Bournemouth Newcastle FREE England Lloyd Kelly
35%
Fluminense Wolves 22M Brazil Andre
34%
Real Betis Crystal Palace 15M Morocco Chadi Riad
34%
Chelsea Crystal Palace LOAN England Trevoh Chalobah
34%
AZ Southampton 7M Japan Yuki Sugawara
34%
West Ham Nottingham LOAN England James Ward-Prowse
33%
Chelsea Southampton LOAN France Lesley Ugochukwu
33%
QPR Everton FREE Bosnia Asmir Begovic
32%
West Ham Ipswich Town FREE England Ben Johnson
32%
Mainz Brighton 31M Germany Brajan Gruda
32%
West Ham Southampton LOAN Ivory Coast Maxwel Cornet
32%
Genk Leicester City 20M Morocco Bilal El Khannous
31%
Brighton Leicester City LOAN Argentina Facundo Buonanotte
31%
Vitoria Nottingham 7M Portugal Jota Silva
31%
Crystal Palace Leicester City LOAN France Odsonne Edouard
31%
Aston Villa Southampton 17M England Cameron Archer
30%
Sunderland Ipswich Town 17M England Jack Clarke
30%
Hull City Ipswich Town 21M England Jacob Greaves
30%
Napoli Ipswich Town LOAN+1M Sweden Jens Cajuste
30%
Palmeiras West Ham 23M Brazil Luis Guilherme
30%
Blackburn Ipswich Town 10M Ireland Sammie Szmodics
30%
Burnley Ipswich Town 14M Ireland Dara O'Shea
29%
Spurs Fulham FREE England Ryan Sessegnon
29%
Brighton Southampton FREE England Adam Lallana
26%
Atalanta Leicester City 14M Italy Caleb Okoli
26%
Luton Town Ipswich Town 9M Ireland Chiedozie Ogbene
26%
Sporting Southampton 15M Portugal Mateus Fernandes
26%
Braga Wolves 15M Portugal Rodrigo Gomes
26%
Ajax Wolves LOAN+2M Portugal Carlos Forbs
25%
Aston Villa Chelsea 22M England Omari Kellyman
24%
Crystal Palace Wolves 11M England Sam Johnstone
24%
Sheffield Utd West Ham FREE England Wes Foderingham
24%
Aston Villa Everton 10M England Tim Iroegbunam
23%
Villarreal Fulham 6M Spain Jorge Cuenca
21%
Genk Chelsea 20M Belgium Mike Penders
21%
Benfica Nottingham 15M Brazil Morato
19%
Burnley Southampton FREE England Charlie Taylor
13%
Goteborg Brighton 7M Ivory Coast Malick Yalcouye
6%
No matching quizzes found
Score Distribution
Percent of People with Each Score
Percentile by Number Answered
Your Score History
You have not taken this quiz